Firemné noviny ako účinný nástroj komunikácie

Firemné noviny ako jeden z efektívnych komunikačných nástrojov spoločnosti. Význam firemných novín pre zamestnancov a klientov.

Uložené v:
Podrobná bibliografia
Hlavný autor: Sedilek, Marián
Médium: Kapitola
Jazyk:Slovak
Predmet:
Tagy: Pridať tag
Žiadne tagy, Buďte prvý, kto otaguje tento záznam!

MARC

LEADER 00000naa$a2200000$$$4500
001 0046049
005 20231006121521.8
041 0 |a slo 
044 |a SK 
245 1 0 |a Firemné noviny ako účinný nástroj komunikácie  |c Marián Sedilek 
520 |a Firemné noviny ako jeden z efektívnych komunikačných nástrojov spoločnosti. Význam firemných novín pre zamestnancov a klientov. 
610 2 0 |a firmy 
610 2 0 |a komunikácia firemná 
610 2 0 |a noviny 
100 1 |a Sedilek, Marián